<?xml version="1.0" encoding="UTF-8"?>
<collection xmlns:xsi="http://www.w3.org/2001/XMLSchema-instance" xsi:schemaLocation="http://www.loc.gov/MARC21/slim http://www.loc.gov/standards/marcxml/schema/MARC21slim.xsd" xmlns="http://www.loc.gov/MARC21/slim">
 <record>
  <leader>00000cmm a22000004a 4500</leader>
  <controlfield tag="001">UP-99796217611212633</controlfield>
  <controlfield tag="003">Buklod</controlfield>
  <controlfield tag="005">20230215085534.0</controlfield>
  <controlfield tag="006">m    go  j        </controlfield>
  <controlfield tag="007">cr |n |||auu|a</controlfield>
  <controlfield tag="008">110214s2011    xx         u        eng d</controlfield>
  <datafield tag="020" ind1=" " ind2=" ">
   <subfield code="a">9783642034381 (eBook)</subfield>
  </datafield>
  <datafield tag="020" ind1=" " ind2=" ">
   <subfield code="a">3642034381 (eBook)</subfield>
  </datafield>
  <datafield tag="035" ind1=" " ind2=" ">
   <subfield code="a">(iLib)UPD-00215704447</subfield>
  </datafield>
  <datafield tag="040" ind1=" " ind2=" ">
   <subfield code="a">DML</subfield>
  </datafield>
  <datafield tag="041" ind1="0" ind2=" ">
   <subfield code="a">eng</subfield>
  </datafield>
  <datafield tag="042" ind1=" " ind2=" ">
   <subfield code="a">DMLUC</subfield>
  </datafield>
  <datafield tag="084" ind1=" " ind2=" ">
   <subfield code="a">RL 120 L37</subfield>
   <subfield code="b">L37 2010eb</subfield>
  </datafield>
  <datafield tag="245" ind1="0" ind2="0">
   <subfield code="a">Laser and IPL technology in dermatology and aesthetic medicine</subfield>
   <subfield code="h">[electronic resource]</subfield>
   <subfield code="c">edited by Christian Raulin, Syrus Karsai.</subfield>
  </datafield>
  <datafield tag="264" ind1=" " ind2="1">
   <subfield code="a">Berlin</subfield>
   <subfield code="a">London</subfield>
   <subfield code="b">Springer</subfield>
   <subfield code="c">2010.</subfield>
  </datafield>
  <datafield tag="300" ind1=" " ind2=" ">
   <subfield code="a">1 online resource. (xiii, 419 p.)</subfield>
  </datafield>
  <datafield tag="505" ind1="0" ind2=" ">
   <subfield code="a">Part 1 Basics -- Basic Laser Physics -- Laser-Tissue Interactions -- Intense Pulsed Light Technology -- Part 2 Indications -- Benign Tumors and Organoid Nevi -- Facial Rejuvenation and Other Clinical Applications of Intense Pulsed Light -- Inflammatory Dermatoses: Acne -- Inflammatory Dermatoses: Other than Acne Vulgaris -- Laser-Assisted Liposuction -- Photoepilation of Unwanted Hair Growth -- Pigmentation and Hypopigmentation: Benign Pigmented Lesions -- Pigmentation and Hypopigmentation: Vitiligo and Other Disorders -- Precancerous Conditions and Malignant Tumors -- Scars, Keloids, and Stretch Marks -- Laser Treatment of Tattoos and Other Dyschromia -- Varicose Veins: Endovenous Laser Treatment -- Common Vascular Lesions -- Vascular Lesions: Port Wine Stains -- Vascular Lesions: Hemangiomas -- Rare Vascular Lesions -- Viral Infections -- Wrinkles and Acne Scars: Ablative and Nonablative Facial Resurfacing -- Wrinkles and Acne Scars: Technology-Based Treatment of Periorbital Wrinkles -- Wrinkles and Acne Scars: Fractional Ablative Lasers -- Wrinkles and Acne Scars: Fractional Nonablative Lasers -- Part 3 Special Aspects -- Complications in Laser Surgery and IPL Treatment -- Cooling Techniques -- Ethical Considerations in Aesthetic Medicine -- Photodynamic Therapy -- Quality Standards in Aesthetic Medicine -- Safety/Eye Protection -- Part 4 Afterword -- The Business of Laser Surgery How Our Lives are Challenged by Healthcare Regulations, the FDA, and Quackery -- The Hall of Shame.</subfield>
  </datafield>
  <datafield tag="505" ind1="0" ind2=" ">
   <subfield code="a">Benign Pigmented Lesions -- Benign Tumors and Organoid Nevi -- Dyschromias -- Inflammatory Dermatoses and Connective Tissue Diseases -- Wrinkles and Acne Scars -- Scars -- Unwanted Hair Growth -- Precancerous Conditions and Malignant Tumors -- Vascular Lesions -- Viral Infections -- Laser-assissted Lipolysis -- Cooling Techniques.</subfield>
  </datafield>
  <datafield tag="506" ind1=" " ind2=" ">
   <subfield code="a">IP-based subscription, access limited to within on-campus computer network. Access via Electronic Resources of the UPD University Library Website.</subfield>
  </datafield>
  <datafield tag="520" ind1=" " ind2=" ">
   <subfield code="a">In this innovative textbook, renowned experts from the United States, Europe, and Asia present the most up-to-date information in the field of cutaneous laser surgery and intense pulsed light (IPL) technology. Technical and biophysical aspects of lasers and IPL devices are first discussed in depth to provide the reader with a sound understanding of basics. A series of richly illustrated chapters then carefully examine the numerous and diverse clinical applications of these techniques, highlighting both their potential and their limitations, including side-effects. In the concluding section, important miscellaneous topics are addressed, including cooling techniques, ethical and economic considerations, and laser safety. This book is designed to be of benefit to novice and experienced practitioners alike. In addition to providing expert guidance on the use of lasers and IPL devices in more than 80 clinical indications, it examines the role of new techniques such as laser lipolysis and fractional photothermolysis and includes sufficient information to assist the reader considering the purchase of laser or IPL equipment.</subfield>
  </datafield>
  <datafield tag="533" ind1=" " ind2=" ">
   <subfield code="a">Electronic reproduction.</subfield>
   <subfield code="b">New York</subfield>
   <subfield code="c">SpringerLink</subfield>
   <subfield code="d">c2011.</subfield>
   <subfield code="n">Available via World Wide Web through SpringerLink.</subfield>
  </datafield>
  <datafield tag="650" ind1=" " ind2="0">
   <subfield code="a">Skin</subfield>
   <subfield code="x">Laser surgery.</subfield>
  </datafield>
  <datafield tag="650" ind1=" " ind2="0">
   <subfield code="a">Skin</subfield>
   <subfield code="x">Laser surgery</subfield>
   <subfield code="x">Instruments.</subfield>
  </datafield>
  <datafield tag="650" ind1=" " ind2="0">
   <subfield code="a">Electronic books.</subfield>
  </datafield>
  <datafield tag="700" ind1="1" ind2=" ">
   <subfield code="a">Raulin, Christian.</subfield>
  </datafield>
  <datafield tag="700" ind1="1" ind2=" ">
   <subfield code="a">Karsai, Syrus.</subfield>
  </datafield>
  <datafield tag="710" ind1="2" ind2=" ">
   <subfield code="a">SpringerLink (Online service).</subfield>
  </datafield>
  <datafield tag="842" ind1=" " ind2=" ">
   <subfield code="a">Electronic Resource</subfield>
  </datafield>
  <datafield tag="856" ind1="4" ind2="0">
   <subfield code="y">Available for University of the Philippines Diliman via SpringerLink. Click here to access</subfield>
   <subfield code="u">http://dx.doi.org/10.1007/978-3-642-03438-1</subfield>
  </datafield>
  <datafield tag="905" ind1=" " ind2=" ">
   <subfield code="a">FO</subfield>
  </datafield>
  <datafield tag="950" ind1=" " ind2=" ">
   <subfield code="a">Monograph</subfield>
  </datafield>
  <datafield tag="852" ind1="0" ind2=" ">
   <subfield code="a">UPD</subfield>
   <subfield code="b">DMLR</subfield>
  </datafield>
  <datafield tag="942" ind1=" " ind2=" ">
   <subfield code="a">Electronic Resource</subfield>
  </datafield>
 </record>
</collection>
